|
|
|
|
| LEADER |
00597cam a2200181 7i4500 |
| 001 |
0000026392 |
| 005 |
20110602090000.0 |
| 020 |
0 |
0 |
|a 9789211251166
|
| 090 |
0 |
0 |
|a AFRI 330.96
|b ECO
|
| 245 |
0 |
0 |
|a Economic report on Africa 2011.
|
| 260 |
0 |
0 |
|a Addis Ababa:
|b Economic Commission for Africa,
|c 2011.
|
| 300 |
# |
# |
|a 130 p.
|
| 650 |
0 |
0 |
|a Economic development --
|z Africa
|
| 650 |
0 |
0 |
|a Africa --
|x Economic conditions
|
| 650 |
0 |
0 |
|a Africa --
|x Social conditions
|
| 651 |
0 |
0 |
|a Africa
|
| 999 |
|
|
|a 0000028950
|b Book
|c Regions
|e Business Information Centre
|
| 999 |
|
|
|a 0000028696
|b Book
|c Regions
|e Business Information Centre
|